000 01526nam a22003497a 4500
001 00341
003 DO-SdBNP
005 20180313101921.0
007 00341
008 160510b dr 2000 ||||| |||| 00| 0 spa d
020 _a8482613294
040 _aBPMSU
_bspa
_cBPMSU
092 _a372.832
_bM828c 2do. 2000
100 1 _aMorales, Marcos
245 1 _aCívica 2, educación media :
_blas relaciones internacionales. 2do. curso / segundo ciclo /
_cMarcos Morales ; dirección editorial Obdulia García de Escobar ; editora Margarita Castro Catrain
260 _aSanto Domingo :
_bSantillana,
_c2000.
300 _a119 p. :
_bil.,
_c28 cm.
500 _aEdición anotada para el profesor.
500 _a2do. curso/segundo ciclo
505 _tLa economía entre el Estado y el mercado --
_tEl derecho internacional --
_tLas organizaciones internacionales --
_tLa influencia regional --
_tPolítica exterior de República Dominicana --
_tEl planeta se globaliza --
_tNuestra cultura.
650 4 _aEDUCACIÓN CÍVICA
_xENSEÑANZA BÁSICA
650 4 _aEDUCACIÓN CÍVICA
_xESTUDIOS Y EJERCICIOS
650 4 _aEDUCACIÓN CÍVICA
_xLIBROS DE TEXTOS
650 4 _aEDUCACIÓN CÍVICA
_xEDUCACIÓN SECUNDARIA
650 4 _aEDUCACIÓN SECUNDARIA
_zREPÚBLICA DOMINICANA
700 1 2 _aGarcía de Escobar, Obdulia,
_eed.
700 1 2 _aCastro Catrain, Margarita,
_eed.
910 _aValidado. Control de calidad MFF
942 _2ddc
_cBK
945 _ainventariado, 2018 / dg
956 _aBTAVÁREZ
_b10
_c20160510
_d00341
999 _c10061
_d10061